000 00264nam a22001217a 4500
008 170912b xxu||||| |||| 00| 0 eng d
041 _aeng
080 _67 ED
_a53
100 _a43
101 _aFIZ
245 _aCOLLEGE PHYSICS
_cGORDON.J.R
942 _2udc
_cBK
999 _c27380
_d27380